Online Catalogue and eLibrary

Adoor Gopalakrishnan (Record no. 1156)

MARC details
000 -LEADER
fixed length control field 00380nam a2200145Ia 4500
005 - DATE AND TIME OF LATEST TRANSACTION
control field 20250528022814.0
008 - FIXED-LENGTH DATA ELEMENTS--GENERAL INFORMATION
fixed length control field 240331s9999 xx 000 0 und d
082 ## - DDC Classification
Class No. 302.234
Item Number - Author Mark ADO
245 #0 - TITLE STATEMENT
Title Adoor Gopalakrishnan
260 ## - PUBLICATION, DISTRIBUTION, ETC.
Place of publication, distribution, etc. Sri Lanka
Name of publisher, distributor, etc. Asian Film centre
Date of publication, distribution, etc. 1993
300 ## - PHYSICAL DESCRIPTION
Extent (e.g. Volumes, Pages etc.) 69 p .,
500 ## - GENERAL NOTE
General note A book of Adoor Gopalakrishnan
700 ## - ADDED ENTRY--PERSONAL NAME
Personal name Ratnavibusha, R.
Relator term (Role) Editor
942 ## - Koha item type (Biblio)
Koha item type Books in Stacks (Lending)
Holdings
Lost status Damaged status Collection code Home library Current library Shelving location Date acquired Full call number Accession Number Item type
    Lending WERC Library WERC Library Social Science Cupboard 03/31/2024 302.234 ADO 3001 Books in Stacks (Lending)

© WERC Library